000
00335nam a2200133Ia 4500
008
240624s9999 xx 000 0 und d
041
_a
eng
082
_a
338.3040973 KHA
100
_a
KHANNA R O
245
_a
ENTREPRENEURIAL NATION
260
_c
2012
_a
New Delhi
_b
Tata McGraw-Hill
300
_a
256 : p. : cm. ; 28
365
_c
RS
_b
33
999
_c
26114
_d
26114